000 00850nam a2200265Ia 4500
003 OSt
005 20221002043954.0
006 a|||||r|||| 00| 0
007 ta
008 220930b |||||||| |||| 00| 0 eng d
020 _a8173043205 (hbk)
_c2500
024 _a116205
037 _b268, 26/03/2012, University Book House
_cReference Collections
040 _aCRL
_cCRL
_beng
041 _2eng
_aeng
082 _aV2:71.N9, P2.2(RR)
100 _aSettar S Ed.
245 0 _aProtohistory L Archaeology of the Harappan civilization
260 _aNew Delhi
_bManohar India
_c2002
300 _axix,497p.
_ccm.
500 _aIndian archaeology in retrospect; 2
650 _aHISTORY
942 _hV2:71.N9, P2.2(RR)
_cref
_2CC
999 _c909302
_d909302